000 01319nam a22003857a 4500
001 0026094
003 KOHA_MİRAKIL
005 20260207002518.0
007 ta
008 101214b1984 tu |||gr||||#||||0|tur |
020 _c0,01
040 _aTR-BiSEU
_btur
_cTR-BiSEU
_erda
041 0 _atur
044 _ctu
050 _aNB868
_b.G49 1984
100 1 _aGezer, Hüseyin.
245 1 _aCumhuriyet dönemi Türk heykeli/
_cHüseyin Gezer ; Hüseyin Gezer.
250 _a3.cü baskı.
264 1 _aAnkara :
_bTürkiye İş Bankası Kültür Yayınları
_c1984
300 _a351 sayfa: resimli; 21 cm.
336 _ametin
_btxt
_2rdacontent
337 _aaracısız
_bn
_2rdamedia
338 _acilt
_bnc
_2rdacarrier
490 1 _aGenel yayın / Türkiye İş Bankası Kültür Yayınları ;
_vno.
490 1 _a255.
490 1 _aCumhuriyet dizisi ;
_v14
500 _aRev., updated ed. of: 50 yılın Türk resim ve heykeli / Nurullah Berk, Hüseyin Gezer.
500 _aRunning title: Türk heykeli.
650 0 _aSculpture, Turkish-- 20th century.
_952015
650 0 _aSculptors--Turkey--Biography.
_952016
830 1 _aGenel yayın / Türkiye İş Bankası Kültür Yayınları ;
_vno.
_952017
830 1 _a255.
_918122
830 1 _aCumhuriyet dizisi ;
_v14
_952018
942 _2lcc
_cBK
999 _c26040
_d26040